000
00300nam a22001337a 4500
008
170714b xxu||||| |||| 00| 0 eng d
020
_a
9780194398701
041
_a
eng
080
_2
4TH
_a
038
100
_a
038
101
_a
FJA
245
_a
LEARNER'S POCKET DICTIONARY
_c
BULL,V
942
_2
udc
_c
BK
999
_c
20876
_d
20876